Approaching philosophical discourse in a Swahili context : Knowledge, theory, and intellectual practice in Old Town Mombasa, 1998-99 /
Saved in:
| Main Author: | |
|---|---|
| Format: | Thesis |
| Language: | English |
| Published: |
London :
University of London,
2001
|
| Subjects: | |
| Tags: |
Add Tag
No Tags, Be the first to tag this record!
|
| LEADER | 011680000a22002650004500 | ||
|---|---|---|---|
| 008 | 120724t2001 xxkao f m 000 0 eng d | ||
| 040 | |a UIAM |b eng | ||
| 043 | |a f------ | ||
| 050 | |a GN659.K4 | ||
| 100 | 1 | |a Kresse, Kai | |
| 245 | 1 | 0 | |a Approaching philosophical discourse in a Swahili context : |b Knowledge, theory, and intellectual practice in Old Town Mombasa, 1998-99 / |c by Kai Kresse |
| 260 | |a London : |b University of London, |c 2001 | ||
| 300 | |a 283 p. : |b ill. ; |c 30 cm. | ||
| 500 | |a "A thesis submitted for the degree of PhD in the subject of Anthropology." --On t. p. | ||
| 502 | |a Thesis (Ph.D.)-- University of London, 2001 | ||
| 504 | |a Includes bibliographical references (p. 264-283). | ||
| 596 | |a 1 | ||
| 650 | 0 | |a Philosophical anthropology |z Africa | |
| 650 | 0 | |a Islam |z Africa, East | |
| 650 | 0 | |a Islam and culture |z Africa | |
| 655 | 0 | 7 | |a Theses, Facsimile edition (Islamic) |
| 710 | 2 | |a University of London. |b School of Oriental and African Studies | |
| 900 | |a hj-sar | ||
| 999 | |c 433430 |d 464039 | ||
| 952 | |0 0 |6 TI GN 000659 K4 K92A 2001 |7 0 |8 THESES |9 752212 |a IIUM |b IIUM |c MULTIMEDIA |g 640.00 |o ti GN 659 K4 K92A 2001 |p 00011204361 |r 2017-10-23 |t 1 |v 640.00 |y THESIS | ||
